The social contract : a personal inquiry into the evolutionary sources of order and disorder
保存先:
| 第一著者: | |
|---|---|
| フォーマット: | 図書 |
| 言語: | Undetermined |
| 出版事項: |
New York
Atheneum
1970
|
| 主題: | |
| タグ: |
タグ追加
タグなし, このレコードへの初めてのタグを付けませんか!
|
| Thư viện lưu trữ: | Trung tâm Học liệu Trường Đại học Cần Thơ |
|---|
| LEADER | 00583nam a2200193Ia 4500 | ||
|---|---|---|---|
| 001 | CTU_91318 | ||
| 008 | 210402s9999 xx 000 0 und d | ||
| 082 | |a 573.2 | ||
| 082 | |b A676 | ||
| 100 | |a Ardrey, Berdine | ||
| 245 | 4 | |a The social contract : | |
| 245 | 2 | |b a personal inquiry into the evolutionary sources of order and disorder | |
| 245 | 0 | |c Drawings by Berdine Ardrey | |
| 260 | |a New York | ||
| 260 | |b Atheneum | ||
| 260 | |c 1970 | ||
| 650 | |a Human evolution,Human behavior,Animal behavior | ||
| 904 | |i Năm | ||
| 980 | |a Trung tâm Học liệu Trường Đại học Cần Thơ | ||